000 00740cam a22001934a 4500
005 20250605164003.0
008 250528s ||||||||||||||||||||||||d
035 _a15702
020 _a6860281
040 _aGR-AtMCL
_bgre
_dGR-AtMCL
_eAACR2
245 1 _aLaw's Empire
260 _bFontana Press,
_c1986
300 _a478
520 _aThis book provides a judicious and coherent introduction to the place of the law in our lives. What is Law?, Interpretive Concepts, Jurisprudence Revisited, Conventionalism, Pragmatism and Personification, Integrity, Integrity in Law, The Common Law, Statutes, The Constitution, Law Beyond Law, Notes, Index.
700 1 _aDworkin Ronald
_91671
942 _cBK
999 _c1261
_d1261